General Knowledge Head Math Trivia Quiz Stats

 Plays Quiz not verified by Sporcle

Challenge
Share
Tweet
Embed
Score 0/10 Timer 04:00
0 Plays Today
Clues Answer % Correct
????
100%
????
55%
????
47.5%
????
40%
????
33.8%
????
25.6%
????
19.4%
????
16.3%
????
8.1%
????
1.9%

You're not logged in!

Compare scores with friends on all Sporcle quizzes.
Join for Free
OR
Log In

You Might Also Like...

Show Comments

Extras

Created Oct 16, 2010ReportNominate
Tags:Math Quiz, complete, numerical

Top Quizzes Today


Score Distribution

Your Account Isn't Verified!

In order to create a playlist on Sporcle, you need to verify the email address you used during registration. Go to your Sporcle Settings to finish the process.

Report this User

Report this user for behavior that violates our Community Guidelines.

Details: